Online
Catalog

Evaluación de costos de la educación básica en la República Dominicana : (Record no. 48613)

MARC details
000 -CABECERA
campo de control de longitud fija 01334nam a2200289 a 4500
003 - IDENTIFICADOR DEL NÚMERO DE CONTROL
campo de control DO-SdBNP
005 - FECHA Y HORA DE LA ÚLTIMA TRANSACCIÓN
campo de control 20240304145220.0
006 - CÓDIGOS DE INFORMACIÓN DE LONGITUD FIJA--CARACTERÍSTICAS DEL MATERIAL ADICIONAL
campo de control de longitud fija a||||gr|||| 00| 0
007 - CAMPO FIJO DE DESCRIPCIÓN FÍSICA--INFORMACIÓN GENERAL
campo de control de longitud fija ta
008 - DATOS DE LONGITUD FIJA--INFORMACIÓN GENERAL
campo de control de longitud fija 190722s2010 d 000 spa d
040 ## - FUENTE DE LA CATALOGACIÓN
Centro catalogador/agencia de origen DO-SdBNP
Centro/agencia modificador spa
Normas de descripción BNPHU
Centro/agencia transcriptor spa
082 #4 - NÚMERO DE LA CLASIFICACIÓN DECIMAL DEWEY
Número de edición 22
Número de documento/Ítem L789e
Número de clasificación 370.97293
100 ## - ENTRADA PRINCIPAL--NOMBRE DE PERSONA
Nombre de persona Lizardo, Jefrey
9 (RLIN) 32047
245 #0 - MENCIÓN DE TÍTULO
Título Evaluación de costos de la educación básica en la República Dominicana :
Resto del título insumos para una canasta de costos mínimos para una educación de calidad. /
Mención de responsabilidad, etc. Jefrey Lizardo; presentación de Aida Consuelo Hernández Bonnelly
264 ## - PRODUCCIÓN, PUBLICACIÓN, DISTRIBUCIÓN, FABRICACIÓN Y COPYRIGHT
Producción, publicación, distribución, fabricación y copyright Santo Domingo :
Nombre del de productor, editor, distribuidor, fabricante PREAL,
Fecha de producción, publicación, distribución, fabricación o copyright 2010
300 ## - DESCRIPCIÓN FÍSICA
Extensión 56 páginas ;
Otras características físicas Ilustraciones, gráficas
Dimensiones 27 cm
336 ## - TIPO DE CONTENIDO
Fuente rdacotne`
Término de tipo de contenido texto
Código de tipo de contenido txt
337 ## - TIPO DE MEDIO
Fuente rdamedia
Nombre/término del tipo de medio sin medición
Código del tipo de medio n
338 ## - TIPO DE SOPORTE
Fuente rdacarrier
Nombre/término del tipo de soporte volumen
Código del tipo de soporte nc
500 ## - NOTA GENERAL
Nota general Proyecto EDUCA/FLACSO/ PUCMM-CIEDHUMANO. Programa de Promoción de la Reforma Educativa en América Latina (PREAL).
590 ## - NOTA LOCAL (RLIN)
Nota local Inventariado 2023 / MF
700 #2 - PUNTO DE ACCESO ADICIONAL--NOMBRE DE PERSONA
9 (RLIN) 69166
Nombre de persona Hernández Bonnelly, Aida Consuelo
Término indicativo de función/relación presentación
710 2# - PUNTO DE ACCESO ADICIONAL--NOMBRE DE ENTIDAD CORPORATIVA
Nombre de entidad corporativa o nombre de jurisdicción como elemento de entrada Programa de Promoción de la Reforma Educativa en América Latina y el Caribe
9 (RLIN) 63808
710 2# - PUNTO DE ACCESO ADICIONAL--NOMBRE DE ENTIDAD CORPORATIVA
9 (RLIN) 82994
Nombre de entidad corporativa o nombre de jurisdicción como elemento de entrada Acción para la Educación Básica (EDUCA),
Unidad subordinada República Dominicana
710 2# - PUNTO DE ACCESO ADICIONAL--NOMBRE DE ENTIDAD CORPORATIVA
Nombre de entidad corporativa o nombre de jurisdicción como elemento de entrada FLACSO (Organización).
Unidad subordinada Programa República Dominicana
9 (RLIN) 71393
942 ## - ELEMENTOS DE PUNTO DE ACCESO ADICIONAL (KOHA)
Fuente del sistema de clasificación o colocación Dewey Decimal Classification
Tipo de ítem Koha Libro
Holdings
Estado de retiro Estado de pérdida Fuente del sistema de clasificación o colocación Restricciones de uso No para préstamo Código de colección Localización permanente Ubicación/localización actual Fecha de adquisición Total de préstamos Signatura topográfica completa Código de barras Fecha visto por última vez Precio válido a partir de Tipo de ítem Koha
    Dewey Decimal Classification Excluido de préstamo   Patrimonio Dominicano Biblioteca Nacional Pedro Henríquez Ureña Biblioteca Nacional Pedro Henríquez Ureña 20.06.2023   L789e 2023-2591 20.06.2023 20.06.2023 Libro

Powered by Koha